| 000 | 00936nam a2200325Ia 4500 | ||
|---|---|---|---|
| 001 | 63070 | ||
| 003 | IT-RoPAU | ||
| 008 | 130308s9999 xx 000 0 und d | ||
| 040 | _aIT-RoPAU | ||
| 040 | _cIT-RoPAU | ||
| 041 | _aITALIANO | ||
| 100 | _aPagani Elisabetta | ||
| 100 | _gCodice Aut. SPICS: 22293 | ||
| 245 | _aConfezione negli anni essanta tra crisi e innovazione (La) | ||
| 245 | _bModa Italiana (La)-Dall'Antimoda Allo Stilismo | ||
| 250 | _a1a ed. | ||
| 260 | _aMILANO | ||
| 260 | _bElecta | ||
| 260 | _c1986 [1° Ed.:1986 - Ed.Ling.Originale:1986] | ||
| 300 | _a"14 p. (prefazione: no ; testo: 14 [pagine: 32-45])" | ||
| 500 | _aNote biografiche delle Aziende di Confezione | ||
| 650 | _aSTORIA UNIVERSALE DELLE ARTI VISIVE | ||
| 650 | _eCodice materia Spics: 5009 | ||
| 700 | _aPavoni Rosanna | ||
| 700 | _gCodice Aut. SPICS: 22294 | ||
| 942 | _cBK | ||
| 957 | _71 | ||
| 999 |
_c47293 _d47293 |
||
| 999 | _bSI | ||
| 999 | _g1 | ||